Score 0/15 Timer 01:30
2 Plays Today
% Correct
McDonald's
92.4%
Burger King
90.9%
Pizza Hut
85%
Dairy Queen
81.2%
Zaxby's
77.3%
Chick-fil-A
76.9%
Outback Steakhouse
72.9%
Taco Bell
72.8%
% Correct
Bojangles' Famous Chicken 'n Biscuits
71.7%
Arby's
68.2%
Wendy's
68.1%
Red Lobster
64.4%
KFC
47.9%
Applebee's
45.9%
Moe's Southwest Grill
42.4%

Today's Daily Dose

Missing Word
Domicile Things

Word Ladder
Rock Bottom

Get the Picture
Cocktails

Remove Ads.
Support Sporcle.
Get the best of Sporcle when you Go Orange. This ad-free experience offers more features, more stats, and more fun while also helping to support Sporcle. Thank you for becoming a member.

You're not logged in!

Compare scores with friends on all Sporcle quizzes.
OR
Log In

Sporcle TV

Today on Sporcle TV


Watch our educational content, quiz creation guides, and fun videos on Sporcle TV.

Show Comments

Extras

Top Quizzes Today


Score Distribution

Paid Content

Your Account Isn't Verified!

In order to create a playlist on Sporcle, you need to verify the email address you used during registration. Go to your Sporcle Settings to finish the process.

Report this User

Report this user for behavior that violates our Community Guidelines.

Details: